000 01408nam a2200253Ia 4500
999 _c30320
_d30320
003 CO-CtgCURN
005 20250409210223.0
008 190726s2012 xx g 000 f spa d
020 _a9788432200380
040 _aCO-CtgCURN
_bspa
_ccoctgcurn
082 _a813.54
_bA934l
100 _aAuster, Paul
_d1947-
_92145
245 0 _aEl libro de las ilusiones /
_cPaul Auster, traducción., Benito Gómez Ibañez
260 _aBarcelona, España :
_bSeix Barral,
_c2012
300 _a359 páginas ;
_c20 centímetros
490 _aBiblioteca Paul Auster;
_v2
520 _aMeses después del accidente en el que murieron su mujer y su hijo, David Zimmer, escritor y profesor en Vermont, escribe un libro sobre la única persona que ha conseguido devolverle la sonrisa, el actor de cine mudo Hector Mann, desaparecido décadas atrás.En la décima novela de Paul Auster, la narración de la vida de Hector Mann contada por Zimmer se mezcla con lo que le sucede al profesor y con la filmografía del actor, configurando potentes historias entrecruzadas que difuminan los límites entre la ficción y la realidad.
521 _aAREA BASICA
590 _aTodos los programas acádemicos
650 _aNovela estadounidense
_92146
700 _aGómez Ibañez, Benito
_etraducción
_92147
942 _cBK
_h813.54
_iA934l
_2ddc